000 00923nam a2200265Ia 4500
003 OSt
005 20220923211017.0
006 a|||||r|||| 00| 0
007 ta
008 220922b |||||||| |||| 00| 0 urd d
020 _a8170554510 (hbk)
_c100
024 _a256,278
037 _b373, 17/02/2011, Vani Prakashan
_cTextual
040 _aARTS
_cARTS
_burd
041 _2urd
_aurd
082 _aO168,3N46,ZB, 152P2
100 _aरियाज़, फ़हमीदा
_9156271
245 0 _aज़िन्दा बहार
246 _aज़indā bahāra
260 _aनयी दिल्ली
_b वाणी प्रकाशन
_c2002
300 _a120पृ0
_ccm.
650 _aउर्दू साहित्य
_9157121
942 _hO168,3N46,ZB, 152P2
_cTEXL
_2CC
999 _c293887
_d293887